| 000 | 01802nam a2200493 i 4500 | ||
|---|---|---|---|
| 001 | 28996 | ||
| 003 | KOSZ 005 | ||
| 005 | 20230123141049.0 | ||
| 008 | 971010s1988 pl |000 0 pol | ||
| 015 | _aUWD 1989/2564 | ||
| 035 | _a991002587129705066 | ||
| 035 | _a(PL-WaBN)b10708959-48omnis_nlop | ||
| 035 | _ab10708959 | ||
| 035 | _a(OCoLC)749447244 | ||
| 035 | _azz2002960310 | ||
| 035 | _a(PL)b0000001070895 | ||
| 040 |
_aWA N _cWA N _dKOSZ 005/HR |
||
| 046 | _k1988 | ||
| 080 | _a504.5(438) | ||
| 080 | _a614.7(438) | ||
| 245 | 0 | 0 |
_aChemiczne zagrożenie środowiska w Polsce : _braport Sekcji Ochrony Środowiska Polskiego Towarzystwa Chemicznego / _coprac. pod red. Lucjana Pawłowskiego, Zdzisława Kozaka ; [zespół aut. Janusz Barcicki et al.] ; Politechnika Lubelska. |
| 260 |
_aLublin : _bWydawnictwa Uczelniane PL, _c1988. |
||
| 300 |
_a89 s. ; _c24 cm. |
||
| 336 |
_aTekst _btxt _2rdacontent |
||
| 337 |
_aBez urządzenia pośredniczącego _bn _2rdamedia |
||
| 338 |
_aWolumin _bnc _2rdacarrier |
||
| 380 | _aKsiążki | ||
| 388 | _a1901-2000 | ||
| 388 | _a1945-1989 | ||
| 650 | 7 |
_aChemikalia i wyroby chemiczne _2DBN |
|
| 650 | 7 |
_aSzkody przemysłowe _2DBN |
|
| 650 | 7 | _aWpływ na środowisko | |
| 650 | 7 | _aZanieczyszczenia chemiczne środowiska | |
| 651 | _aPolska | ||
| 658 | _aChemia | ||
| 658 | _aOchrona środowiska | ||
| 700 | 1 |
_aBarcicki, Janusz _d( -1999) _eAutor |
|
| 700 | 1 |
_aKozak, Zdzisław _eRedakcja |
|
| 700 | 1 |
_aPawłowski, Lucjan _d(1946- ) _eRedakcja |
|
| 710 | 2 | _aPolitechnika Lubelska | |
| 856 |
_uhttp://koha.tu.koszalin.pl/cgi-bin/koha/opac-detail.pl?biblionumber=28996 _yKatalog online BPK |
||
| 942 |
_2UKD _cKS |
||
| 999 |
_c28996 _d28996 |
||